Integration and Use of ICT in Management of Counties/ (Record no. 31832)
[ view plain ]
| 000 -LEADER | |
|---|---|
| fixed length control field | 00511nam a22001577a 4500 |
| 008 - FIXED-LENGTH DATA ELEMENTS--GENERAL INFORMATION | |
| fixed length control field | 230809b |||||||| |||| 00| 0 eng d |
| 020 ## - INTERNATIONAL STANDARD BOOK NUMBER | |
| International Standard Book Number | 9786139869435 |
| 050 ## - LIBRARY OF CONGRESS CALL NUMBER | |
| Classification number | QA 76.5 .K56 2018 |
| 100 ## - MAIN ENTRY--PERSONAL NAME | |
| Personal name | Kioko, Shadrack |
| 245 ## - TITLE STATEMENT | |
| Title | Integration and Use of ICT in Management of Counties/ |
| Statement of responsibility, etc. | Shadrack Kioko |
| 260 ## - PUBLICATION, DISTRIBUTION, ETC. (IMPRINT) | |
| Place of publication, distribution, etc. | Mauritius: |
| Name of publisher, distributor, etc. | LAP LAMBERT, |
| Date of publication, distribution, etc. | 2018. |
| 300 ## - PHYSICAL DESCRIPTION | |
| Extent | xiv,87p. : |
| Other physical details | ill. ; |
| Dimensions | 18 cm |
| 500 ## - GENERAL NOTE | |
| General note | Bibliographical references. |
| 650 ## - SUBJECT ADDED ENTRY--TOPICAL TERM | |
| Source of heading or term | ICT |
| 942 ## - ADDED ENTRY ELEMENTS (KOHA) | |
| Source of classification or shelving scheme | |
| Koha item type | Hard Covered Materials |
| Classification part | QA 76.5 .K56 2018 |
| Withdrawn status | Lost status | Source of classification or shelving scheme | Damaged status | Not for loan | Home library | Current library | Shelving location | Date acquired | Source of acquisition | Total Checkouts | Full call number | Barcode | Date last seen | Price effective from | Koha item type | Cost, normal purchase price |
|---|---|---|---|---|---|---|---|---|---|---|---|---|---|---|---|---|
| MACHAKOS UNIVERSITY LIBRARY | MACHAKOS UNIVERSITY LIBRARY | Open shelf | 09/08/2023 | Urban books center | QA 76.5 .K56 2018 | 39632 | 10/08/2023 | 09/08/2023 | Hard Covered Materials | |||||||
| MACHAKOS UNIVERSITY LIBRARY | MACHAKOS UNIVERSITY LIBRARY | 06/06/2024 | Purchase - Corporate Campus | QA 76.5 .K56 2018 | 39873 | 10/06/2024 | 10/06/2024 | Hard Covered Materials | 13387.00 |